| Tag |
First Indicator |
Second Indicator |
Subfields |
| LEADER |
00000cam a2200000Ii 4500 |
| 001 |
in00003525513 |
| 005 |
20150519160244.0 |
| 006 |
m o d |
| 007 |
cr zn||||||||| |
| 008 |
130428s2010 txu o 000 0beng d |
| 035 |
|
|
|a (OCoLC)ocn750272891
|
| 040 |
|
|
|a TXA
|b eng
|e rda
|e pn
|c TXA
|d TXA
|
| 035 |
|
|
|a (OCoLC)750272891
|
| 043 |
|
|
|a n-us---
|a p------
|
| 090 |
|
|
|a D790.263 42nd
|b .H35 2010
|
| 049 |
|
|
|a TXAM
|
| 100 |
1 |
|
|a Hall, Halbert W.,
|e author.
|
| 245 |
1 |
0 |
|a Earl Oxford Hall :
|b a brief biography and wartime history /
|c Halbert Weldon Hall.
|
| 250 |
|
|
|a Comprehensive edition.
|
| 264 |
|
0 |
|a Bryan, TX :
|b [producer not identified],
|c 2010.
|
| 300 |
|
|
|a 1 online resource (168 pages) :
|b color illustrations.
|
| 336 |
|
|
|a text
|b txt
|2 rdacontent
|
| 337 |
|
|
|a computer
|b c
|2 rdamedia
|
| 338 |
|
|
|a online resource
|b cr
|2 rdacarrier
|
| 347 |
|
|
|a text file
|b PDF
|2 rda
|
| 500 |
|
|
|a "August 1, 2010"
|
| 500 |
|
|
|a The 42nd Bombardment Squadron (Heavy), one of the squadrons of the 11th Bombardment Group of the Seventh Air Force, was on duty at Hickam Field, Hawaii, on 7 December 1941 when the Japanese attacked United States forces. Elements of the squadron participated in the Battle of Midway.
|
| 588 |
|
|
|a Description based on online resource; title from PDF title page (viewed May 19, 2015).
|
| 600 |
1 |
0 |
|a Hall, Earl Oxford,
|d 1913-1943.
|
| 650 |
|
0 |
|a Bomber pilots
|z United States
|v Biography.
|
| 650 |
|
0 |
|a World War, 1939-1945
|x Missing in action
|v Biography.
|
| 610 |
1 |
0 |
|a United States.
|b Army Air Forces.
|b Bombardment Squadron (Heavy), 42nd
|x History.
|
| 650 |
|
0 |
|a World War, 1939-1945
|x Aerial operations, American.
|
| 650 |
|
0 |
|a World War, 1939-1945
|x Campaigns
|z Pacific Area.
|
| 856 |
4 |
0 |
|u http://hdl.handle.net/1969.1/92190
|z Link to OAK Trust copy
|t 0
|
| 994 |
|
|
|a C0
|b TXA
|
| 948 |
|
|
|a cataloged
|b h
|c 2015/5/19
|d c
|e nbehmer
|f 4:02:32 pm
|
| 999 |
f |
f |
|s 288bc688-08af-354b-8c93-9f7ad15996c4
|i 341736a1-dc77-3217-a9fa-58f142fd805b
|t 0
|
| 952 |
f |
f |
|a Texas A&M University
|b College Station
|c Electronic Resources
|d Available Online
|t 0
|e D790.263 42nd .H35 2010
|g Electronic
|h Library of Congress classification
|
| 998 |
f |
f |
|a D790.263 42nd .H35 2010
|t 0
|l Available Online
|